000 00622nam a2200193Ia 4500
003 GCL
008 140319s9999 xx 000 0 ara d
040 _aGCL /
_cGCL
082 0 4 _a621.38
_bا ا
100 1 _aامين فهمى
245 1 0 _aالانتاج الصوتى :تطبيقات عملية /
_cامين فهمى
260 _a[S.N] :
_bدار الراتب الجامعية ،
_c1987
300 _a118 ص
490 _aموسوعة عالم الالكترونيات
_v0
650 0 4 _aالاجهزة الصوتية
650 0 4 _aمكبرات الصوت
650 0 4 _aالالكترونيات
942 _2ddc
_cBK
999 _c51248
_d51248